| 000 | 00430nam a22001697a 4500 | ||
|---|---|---|---|
| 003 | SGT | ||
| 020 | _a9789350909607 | ||
| 082 |
_a616.12 _bT14S |
||
| 100 | _aSINGH, KULDEEP | ||
| 245 | _aTIPS & TRICKS IN FETAL ECHOCARDIOGRAPHY | ||
| 250 | _a1ST | ||
| 260 |
_aINDIA _bJAYPEE PUB _c2014 |
||
| 300 | _a132 | ||
| 650 | _aEMERGENCY MEDICINE/CRITICAL CARE | ||
| 653 | _aTIPS & TRICKS IN FETAL ECHOCARDIOGRAPHY | ||
| 942 |
_2ddc _cBK |
||
| 999 |
_c33428 _d33428 |
||